Kitabistan's Twentieth Century Stanard Dictionary (Record no. 614666)

000 -LEADER
fixed length control field 00359nam a22001217a 4500
040 ## - CATALOGING SOURCE
Transcribing agency Kitabistan Publishing Co.
082 ## - DEWEY DECIMAL CLASSIFICATION NUMBER
Classification number 491.439
Author Mark Q95 K
100 ## - MAIN ENTRY--PERSONAL NAME
Personal name Bashir A. Qureshi
9 (RLIN) 33261
245 ## - TITLE STATEMENT
Title Kitabistan's Twentieth Century Stanard Dictionary
Remainder of title Urdu into English
260 ## - PUBLICATION, DISTRIBUTION, ETC.
Place of publication, distribution, etc. Lahore
Name of publisher, distributor, etc. Kitabistan Publishing Co.
300 ## - PHYSICAL DESCRIPTION
Extent viii, 688p.
942 ## - ADDED ENTRY ELEMENTS (KOHA)
Source of classification or shelving scheme
Koha item type Book
Holdings
Withdrawn status Lost status Source of classification or shelving scheme Damaged status Not for loan Permanent Location Current Location Date acquired Total Checkouts Full call number Barcode Date last seen Price effective from Koha item type
          School of Chemical & Materials Engineering (SCME) School of Chemical & Materials Engineering (SCME) 09/18/2025   491.439 Q95 K SCME-D307 09/18/2025 09/18/2025 Book
© 2023 Central Library, National University of Sciences and Technology. All Rights Reserved.